Word Ladder: Minute Detail? Quiz Stats

 Plays Quiz Updated Mar 30, 2015

Challenge
Share
Tweet
Embed
Score 0/27 Timer 03:00
0 Plays Today
HINT 4-LETTER WORD % Correct
⌚ I WALK THE ____⌚ LINE ⌚
93.9%
Use a rosaryPRAY
92.4%
London elevatorLIFT
90.3%
⌚ MACBETH OR HAMLET ⌚⌚ PLAY ⌚
89.3%
Predator's quarryPREY
88.6%
DepartedLEFT
88.5%
⌚ ____ WILLY ⌚⌚ FREE ⌚
88%
Michelin, Goodyear, or Pirelli, e.g.TIRE
87.1%
⌚ ____ WITH FATHER ⌚⌚ LIFE ⌚
86.5%
Skin ductPORE
85.7%
Penny or Lover's ____LANE
81.7%
Eagles founder Glenn ____FREY
80.9%
⌚ TWILIGHT ____⌚ ZONE ⌚
76.4%
Corn breadPONE
74.9%
HINT 4-LETTER WORD % Correct
Actor Billy ____ZANE
72.3%
Feel for weightHEFT
68%
Garden mossPEAT
66.1%
Surveyor's mapPLAT
65.7%
Pierre's PapaPERE
65.5%
Shipping weightTARE
65.5%
PerkyPERT
63.4%
Merchant's stockWARE
57.9%
Axe handleHAFT
50.3%
Red deer adultHART
48.1%
⌚ BEND OUT OF SHAPE ⌚⌚ WARP ⌚
42.4%
⌚ COMMON BOND ⌚⌚ TIME ⌚
40.7%
Kind of seal or beerHARP
39.9%

Today's Daily Dose

You're not logged in!

Compare scores with friends on all Sporcle quizzes.
Join for Free
OR
Log In

You Might Also Like...

Show Comments

Extras

Top Quizzes Today


Score Distribution

Your Account Isn't Verified!

In order to create a playlist on Sporcle, you need to verify the email address you used during registration. Go to your Sporcle Settings to finish the process.

Report this User

Report this user for behavior that violates our Community Guidelines.

Details: